Statistics for Famous Polish People

Click here to take the quiz!

General Stats

  • This quiz has been taken 154 times
  • The average score is 7 of 21

Answer Stats

Answer% Correct
politicianLech Walesa
82%
scienceMaria Curie
76%
popeJohn Paul II
71%
directorRoman Polanski
65%
musicFrideric Chopin
57%
directorAndrzej Wajda
46%
modelAnja Rubik
40%
scienceCopernicus
38%
wirterCzeslaw Milosz
32%
kingJan III Sobieski
31%
writerWislawa Szymborska
24%
actressPola Negri
21%
writerStanislaw Lem
20%
sportMarcin Gortat
12%
writerJoseph Conrad
10%
politicianKosciuszko
9%
cinemaphotographerJanusz Kaminski
7%
scienceIgnacy Lukasiewicz
5%
sportRobert Korzeniowski
5%
scienceHevelius
4%
economyOscar Lange
0%

Score Distribution

Percentile by Number Answered

Percent of People with Each Score

Your Score History

You have not taken this quiz